| 000 | 01473cam a2200361 a 4500 | ||
|---|---|---|---|
| 001 | 3562048 | ||
| 003 | ARRUPE | ||
| 005 | 20211013122228.0 | ||
| 008 | 980805s1999 enkab b s001 0 eng | ||
| 010 | _a 98038856 | ||
| 020 | _a0253335248 (cloth) | ||
| 020 | _a0253212863 (paper) | ||
| 040 |
_aDLC _cDLC _dDLC |
||
| 041 | 1 |
_aeng _hfre |
|
| 043 | _af------ | ||
| 050 | 0 | 0 |
_aJQ1875.A55 _bC63513 1999 |
| 082 | 0 | 0 |
_a364.1/323/0967 _221 |
| 100 | 1 |
_aBayart, Jean-François. _950430 |
|
| 240 | 1 | 0 |
_aCriminalisation de l'Etat en Afrique. _lEnglish |
| 245 | 1 | 4 |
_aThe criminalization of the state in Africa / _cJean-François Bayart, Stephen Ellis, Béatrice Hibou ; translated from the French by Stephen Ellis. |
| 260 |
_a[London] : _bInternational African Institute in association with J. Currey, Oxford ; _aBloomington : _bIndiana University Press, _c1999. |
||
| 300 |
_axviii, 126 p. : _bill., maps ; _c23 cm. |
||
| 440 | 0 |
_aAfrican issues _930308 |
|
| 504 | _aIncludes bibliographical references (p. 122-123) and index. | ||
| 650 | 0 |
_aPolitical corruption _zAfrica. _910548 |
|
| 650 | 0 |
_aPolitical crimes and offenses _zAfrica. _950431 |
|
| 700 | 1 |
_aEllis, Stephen, _d1953- _950432 |
|
| 700 | 1 |
_aHibou, Béatrice. _950433 |
|
| 710 | 2 |
_aInternational African Institute. _93663 |
|
| 906 |
_a7 _bcbc _corignew _d1 _eocip _f19 _gy-gencatlg |
||
| 942 |
_2lcc _cMONOGRAPH |
||
| 999 |
_c130798 _d130798 |
||